Smernice EÚ a ich vplyv na transparentnosť kapitálového trhu SR

Smernice EÚ a ich začleňovanie do legislatívy SR. Biela kniha o finančných službách určila dve kategórie smerníc: 1. Smernice prvej fázy (určujú všeobecné zásady), 2. Smernice druhej fázy (posilnenie dohľadu nad finančným trhom, sú spojené s vytvorením jednotného trhu EÚ).

Gespeichert in:
Bibliographische Detailangaben
1. Verfasser: Gula, Libor
Format: Buchkapitel
Sprache:Slowakisch
Englisch
Schlagworte:
Tags: Tag hinzufügen
Keine Tags, Fügen Sie das erste Tag hinzu!

MARC

LEADER 00000naa a2200000 4500
001 r036324
005 20230426114951.9
041 0 |a slo 
041 0 |a eng 
044 |a SK 
245 1 0 |a Smernice EÚ a ich vplyv na transparentnosť kapitálového trhu SR  |c Libor Gula 
520 |a Smernice EÚ a ich začleňovanie do legislatívy SR. Biela kniha o finančných službách určila dve kategórie smerníc: 1. Smernice prvej fázy (určujú všeobecné zásady), 2. Smernice druhej fázy (posilnenie dohľadu nad finančným trhom, sú spojené s vytvorením jednotného trhu EÚ). 
610 2 0 |a trh kapitálový 
610 2 0 |a Slovensko 
610 2 0 |a smernice 
610 2 0 |a Európska únia 
610 2 0 |a kótovanie 
610 2 0 |a papiere cenné 
610 2 0 |a investovanie kolektívne 
610 2 0 |a primeranosť kapitálová 
100 1 |a Gula, Libor